[Event "Robecchetto op-B 26th"]
[Site "Robecchetto"]
[Date "2015.07.26"]
[Round "5"]
[White "Macchiettini, Pierangelo"]
[Black "Puricelli, Giancarlo"]
[Result "1/2-1/2"]
[WhiteElo "1697"]
[BlackElo "1683"]
[PlyCount "87"]
[EventDate "2015.07.24"]
[EventType "swiss"]
[EventRounds "5"]
[EventCountry "ITA"]
[SourceTitle "EXT 2023"]
[Source "ChessBase"]
[SourceDate "2022.10.05"]
[SourceVersion "1"]
[SourceVersionDate "2022.10.05"]
[SourceQuality "1"]

1. d4 b6 2. c4 Bb7 3. Nc3 e6 4. a3 Be7 5. e4 d6 6. Nf3 Nd7 7. Bd3 c5 8. d5 e5 9. 0-0 a6 10. Ne1 Ngf6 11. f4 exf4 12. Bxf4 Ne5 13. Bxe5 dxe5 14. Nf3 Bd6 15. Qc2 Bc8 16. Be2 Nh5 17. Nxe5 Bxe5 18. Bxh5 Bxh2+ 19. Kxh2 Qh4+ 20. Kg1 Qxh5 21. Qf2 0-0 22. Rae1 Qe5 23. Qf4 Qd4+ 24. Qe3 Qxc4 25. d6 Be6 26. Rd1 Rad8 27. e5 Qg4 28. Rd2 h6 29. Rf3 Qg5 30. Qf2 Qxe5 31. Re3 Qf5 32. Qxf5 Bxf5 33. Nd5 Be6 34. Nxb6 Rb8 35. Na4 Rb5 36. Re5 c4 37. Rxb5 axb5 38. Nc5 Rd8 39. Na6 Bf5 40. Nc7 Bd7 41. Kf2 g5 42. Ke3 f5 43. g3 Kg7 44. Kf2 1/2-1/2

[Event "Robecchetto op-B 25th"]
[Site "Robecchetto"]
[Date "2014.12.28"]
[Round "4"]
[White "Turchi, Alessandro"]
[Black "Macchiettini, Pierangelo"]
[Result "1-0"]
[WhiteElo "1642"]
[BlackElo "1710"]
[PlyCount "93"]
[EventDate "2014.12.26"]
[EventType "swiss"]
[EventRounds "6"]
[EventCountry "ITA"]
[SourceTitle "EXT 2017"]
[Source "ChessBase"]
[SourceDate "2016.10.25"]
[SourceVersion "1"]
[SourceVersionDate "2016.10.25"]
[SourceQuality "1"]

1. e4 c5 2. b3 d6 3. Bb2 Nf6 4. Nc3 e6 5. Nf3 Nbd7 6. d4 cxd4 7. Nxd4 a6 8. Bd3 Be7 9. 0-0 Qc7 10. Kh1 b5 11. f4 Bb7 12. Qe2 h6 13. Rad1 0-0-0 14. e5 Nd5 15. Ncxb5 axb5 16. Nxb5 Qa5 17. c4 Nb4 18. exd6 Bh4 19. Rc1 Qa8 20. c5 Bxg2+ 21. Kg1 Bc6 22. Nd4 Nxd3 23. Qxd3 Bf6 24. b4 Bxd4+ 25. Bxd4 Qa4 26. a3 Nb8 27. Rf2 Bb5 28. Qc3 Bc6 29. Rb2 Bb5 30. c6 Rxd6 31. c7 Nc6 32. Qc5 Rxd4 33. Qb6 Qa7 34. Rxc6 Qxb6 35. Rxb6 Kxc7 36. Rxb5 Rc4 37. a4 Rd8 38. a5 Rb8 39. Rxb8 Kxb8 40. b5 Kb7 41. b6 Rc5 42. a6+ Kb8 43. b7 Ra5 44. Rb6 Ra2 45. Rc6 Rb2 46. Rc8+ Ka7 47. Ra8+ 1-0

[Event "Robecchetto Autunn op 11th"]
[Site "Robecchetto"]
[Date "2014.11.13"]
[Round "6"]
[White "Moroni, Luca"]
[Black "Macchiettini, Pierangelo"]
[Result "1/2-1/2"]
[WhiteElo "1882"]
[BlackElo "1691"]
[PlyCount "97"]
[EventDate "2014.10.09"]
[EventType "swiss"]
[EventRounds "7"]
[EventCountry "ITA"]
[SourceTitle "EXT 2016"]
[Source "ChessBase"]
[SourceDate "2015.10.08"]
[SourceVersion "1"]
[SourceVersionDate "2015.10.08"]
[SourceQuality "1"]

1. Nf3 c5 2. e4 d6 3. d4 cxd4 4. Nxd4 Nf6 5. Nc3 a6 6. a4 e6 7. Bc4 Be7 8. 0-0 Qc7 9. Bd3 Nbd7 10. f4 b6 11. g4 g6 12. Be3 Bb7 13. g5 Nh5 14. Qg4 Ng7 15. Nde2 0-0-0 16. Ng3 Kb8 17. Qe2 Nc5 18. Qf2 d5 19. Bd4 Nxd3 20. cxd3 Bc5 21. Bxc5 Qxc5 22. Qxc5 bxc5 23. a5 dxe4 24. dxe4 Rd2 25. Rf2 Rhd8 26. Rxd2 Rxd2 27. Na4 Rc2 28. b3 Bc6 29. Rd1 Kc7 30. Nb6 Ne8 31. Nf1 Nd6 32. Nd2 Nb5 33. Nf3 Nc3 34. Rd3 Ne2+ 35. Kf2 Nxf4+ 36. Rd2 Rxd2+ 37. Nxd2 Nh3+ 38. Kg3 Nxg5 39. e5 Ne4+ 40. Nxe4 Bxe4 41. Kf4 Bc2 42. Kg5 Bxb3 43. Kf6 Bc2 44. Kxf7 Bf5 45. Nc4 Kc6 46. Nd6 Bg4 47. Ne4 Kd5 48. Nf6+ Kxe5 49. Nxg4+ 1/2-1/2

[Event "Robecchetto Autunn op 11th"]
[Site "Robecchetto"]
[Date "2014.10.16"]
[Round "2"]
[White "Macchiettini, Pierangelo"]
[Black "Viale, Daniele"]
[Result "0-1"]
[WhiteElo "1691"]
[BlackElo "1848"]
[PlyCount "86"]
[EventDate "2014.10.09"]
[EventType "swiss"]
[EventRounds "7"]
[EventCountry "ITA"]
[SourceTitle "EXT 2016"]
[Source "ChessBase"]
[SourceDate "2015.10.08"]
[SourceVersion "1"]
[SourceVersionDate "2015.10.08"]
[SourceQuality "1"]

1. d4 d5 2. Nf3 c5 3. c4 Nf6 4. cxd5 cxd4 5. Qxd4 Qxd5 6. Qxd5 Nxd5 7. e3 Bf5 8. a3 Nd7 9. Bb5 Nc7 10. Nc3 a6 11. Bxd7+ Bxd7 12. 0-0 f6 13. Bd2 e5 14. Rac1 Rc8 15. Rfd1 Be7 16. h3 0-0 17. Be1 Bc6 18. Rd2 Rfd8 19. Rcd1 Rxd2 20. Rxd2 Kf7 21. Rd1 b5 22. Na2 Nd5 23. Rc1 Ke6 24. Ba5 g5 25. Ne1 h5 26. g3 f5 27. Nd3 f4 28. exf4 gxf4 29. Re1 Bd6 30. Nc3 fxg3 31. fxg3 Nxc3 32. Bxc3 e4 33. Kh2 h4 34. Nf4+ Kf5 35. Ne2 hxg3+ 36. Nxg3+ Ke6 37. Rf1 Rg8 38. Be1 Be5 39. b4 e3 40. h4 Kd6 41. h5 Rg5 42. Kh3 Bd7+ 43. Kh4 Rg4+ 0-1

[Event "Robecchetto Spring op 10th"]
[Site "Robecchetto"]
[Date "2013.05.23"]
[Round "7"]
[White "Macchiettini, Pierangelo"]
[Black "Puricelli, Roberto"]
[Result "1-0"]
[WhiteElo "1706"]
[BlackElo "1551"]
[PlyCount "51"]
[EventDate "2013.04.04"]
[EventType "swiss"]
[EventRounds "7"]
[EventCountry "ITA"]
[SourceTitle "EXT 2024"]
[Source "ChessBase"]
[SourceDate "2023.10.10"]
[SourceVersion "1"]
[SourceVersionDate "2023.10.10"]
[SourceQuality "1"]

1. d4 d5 2. Nf3 Bg4 3. e3 Nc6 4. Be2 Nf6 5. c4 e6 6. a3 Be7 7. Nc3 0-0 8. 0-0 a6 9. cxd5 Nxd5 10. Bd2 Bf6 11. Ne4 Re8 12. h3 Bh5 13. Qb3 b6 14. Rac1 Qd7 15. Qc2 Nce7 16. Nxf6+ gxf6 17. e4 Bg6 18. Bd3 Kh8 19. exd5 Bxd3 20. Qxd3 Nxd5 21. Qe4 Rg8 22. Bf4 Nxf4 23. Qxf4 e5 24. Qxf6+ Rg7 25. Nxe5 Qxh3 26. Qxg7+ 1-0

[Event "ITA-ch Regionale Lombardia Seniores"]
[Site "Robecchetto"]
[Date "2012.12.27"]
[Round "1"]
[White "Macchiettini, Pierangelo"]
[Black "Madaschi, Sergio"]
[Result "1-0"]
[WhiteElo "1712"]
[BlackElo "1516"]
[PlyCount "59"]
[EventDate "2012.12.27"]
[EventType "swiss"]
[EventRounds "6"]
[EventCountry "ITA"]
[SourceTitle "EXT 2024"]
[Source "ChessBase"]
[SourceDate "2023.10.10"]
[SourceVersion "1"]
[SourceVersionDate "2023.10.10"]
[SourceQuality "1"]

1. d4 d5 2. Nf3 Nf6 3. c4 c6 4. Nc3 e6 5. e3 Nbd7 6. a3 dxc4 7. Bxc4 b5 8. Bd3 Bd6 9. 0-0 0-0 10. e4 e5 11. d5 Nc5 12. dxc6 a6 13. Bg5 Ne6 14. Be3 Nc7 15. Bb6 Qe7 16. h3 h6 17. Rc1 Be6 18. b4 Rab8 19. Ba5 Rfc8 20. Bc2 Bc4 21. Bd3 Be6 22. Qc2 Nce8 23. Qb2 Rxc6 24. Rfe1 Rbc8 25. Rcd1 Bc4 26. Bb1 Qe6 27. Nd2 g5 28. Nxc4 Rxc4 29. Ba2 g4 30. Rd3 1-0

[Event "Robecchetto Autumn op 9th"]
[Site "Robecchetto"]
[Date "2012.11.08"]
[Round "5"]
[White "Macchiettini, Pierangelo"]
[Black "Colombo, Maurizio"]
[Result "0-1"]
[WhiteElo "1712"]
[BlackElo "1694"]
[PlyCount "64"]
[EventDate "2012.10.04"]
[EventType "swiss"]
[EventRounds "7"]
[EventCountry "ITA"]
[SourceTitle "EXT 2024"]
[Source "ChessBase"]
[SourceDate "2023.10.10"]
[SourceVersion "1"]
[SourceVersionDate "2023.10.10"]
[SourceQuality "1"]

1. d4 Nf6 2. c4 g6 3. Nc3 Bg7 4. e4 d6 5. f4 0-0 6. Nf3 Na6 7. Be2 e5 8. fxe5 dxe5 9. d5 Nc5 10. Qc2 Nfxe4 11. Nxe4 Bf5 12. Bd3 Bxe4 13. Bxe4 f5 14. Bxf5 Rxf5 15. Be3 e4 16. Ng5 Nd3+ 17. Ke2 Qxg5 18. Bxg5 Rf2+ 19. Kd1 Nxb2+ 20. Kc1 Nd3+ 21. Qxd3 exd3 22. Rb1 Rxg2 23. Bf4 Rc2+ 24. Kd1 Rxc4 25. Be3 b6 26. Kd2 Re8 27. Rb3 Rc2+ 28. Kxd3 Rxa2 29. Bf4 Rd8 30. Ke4 Ra4+ 31. Ke3 Re8+ 32. Kf3 Rf8 0-1

[Event "Robecchetto Autumn op 9th"]
[Site "Robecchetto"]
[Date "2012.10.04"]
[Round "1"]
[White "Castiglioni, Fabrizio"]
[Black "Macchiettini, Pierangelo"]
[Result "1/2-1/2"]
[WhiteElo "1512"]
[BlackElo "1712"]
[PlyCount "38"]
[EventDate "2012.10.04"]
[EventType "swiss"]
[EventRounds "7"]
[EventCountry "ITA"]
[SourceTitle "EXT 2024"]
[Source "ChessBase"]
[SourceDate "2023.10.10"]
[SourceVersion "1"]
[SourceVersionDate "2023.10.10"]
[SourceQuality "1"]

1. e4 c5 2. Nf3 d6 3. d4 cxd4 4. Nxd4 Nf6 5. Nc3 a6 6. Bc4 e6 7. Be3 Be7 8. a4 Qc7 9. Bb3 Bd7 10. 0-0 0-0 11. f4 Nc6 12. f5 Nxd4 13. Bxd4 e5 14. Bf2 Bc6 15. Re1 Rad8 16. Nd5 Bxd5 17. Bxd5 Rc8 18. c3 Nxd5 19. Qxd5 Qc6 1/2-1/2

[Event "Robecchetto Spring op 9th"]
[Site "Robecchetto"]
[Date "2012.05.10"]
[Round "5"]
[White "Crestani, Sandro"]
[Black "Macchiettini, Pierangelo"]
[Result "1/2-1/2"]
[WhiteElo "1670"]
[BlackElo "1701"]
[PlyCount "34"]
[EventDate "2012.04.12"]
[EventType "swiss"]
[EventRounds "7"]
[EventCountry "ITA"]
[SourceTitle "EXT 2024"]
[Source "ChessBase"]
[SourceDate "2023.10.10"]
[SourceVersion "1"]
[SourceVersionDate "2023.10.10"]
[SourceQuality "1"]

1. c4 e5 2. Nc3 Nf6 3. g3 Be7 4. Bg2 0-0 5. Nf3 d6 6. e3 Re8 7. Qc2 c6 8. a4 h6 9. b4 d5 10. cxd5 Nxd5 11. Nxd5 Qxd5 12. Ba3 Na6 13. Qb2 Bd7 14. 0-0 Qe6 15. Nxe5 Bf6 16. d4 Bxe5 17. dxe5 Qxe5 1/2-1/2

[Event "ITA-ch Lombardia Seniors"]
[Site "Robecchetto"]
[Date "2011.12.29"]
[Round "4"]
[White "Marchesotti, Giovanni"]
[Black "Macchiettini, Pierangelo"]
[Result "1/2-1/2"]
[WhiteElo "1597"]
[BlackElo "1756"]
[PlyCount "37"]
[EventDate "2011.12.27"]
[EventType "swiss"]
[EventRounds "6"]
[EventCountry "ITA"]
[SourceTitle "EXT 2024"]
[Source "ChessBase"]
[SourceDate "2023.10.10"]
[SourceVersion "1"]
[SourceVersionDate "2023.10.10"]
[SourceQuality "1"]

1. b3 Nf6 2. Bb2 e6 3. c4 Be7 4. e3 b6 5. Nf3 Bb7 6. Be2 0-0 7. 0-0 d5 8. d4 Nbd7 9. Nc3 Ne4 10. Nxe4 dxe4 11. Nd2 Nf6 12. Qc2 c5 13. Rad1 Qc7 14. dxc5 Qxc5 15. Bd4 Qc6 16. f3 exf3 17. Bxf3 Qc7 18. Bxb7 Qxb7 19. Qb2 1/2-1/2

[Event "Robecchetto Autumn op 8th"]
[Site "Robecchetto"]
[Date "2011.10.20"]
[Round "1"]
[White "Ruggeri, Igor"]
[Black "Macchiettini, Pierangelo"]
[Result "0-1"]
[WhiteElo "1510"]
[BlackElo "1756"]
[PlyCount "88"]
[EventDate "2011.10.20"]
[EventType "swiss"]
[EventRounds "7"]
[EventCountry "ITA"]
[SourceTitle "EXT 2024"]
[Source "ChessBase"]
[SourceDate "2023.10.10"]
[SourceVersion "1"]
[SourceVersionDate "2023.10.10"]
[SourceQuality "1"]

1. d4 d5 2. c4 c6 3. Nf3 Nf6 4. Nc3 e6 5. e3 Be7 6. Bd3 Nbd7 7. 0-0 dxc4 8. Bxc4 0-0 9. e4 Nb6 10. Bd3 g6 11. Bg5 Nh5 12. Qd2 Bxg5 13. Qxg5 Qxg5 14. Nxg5 Bd7 15. Rad1 Rad8 16. Be2 Ng7 17. e5 Bc8 18. Nge4 Nf5 19. Bg4 Nxd4 20. Nd6 Nf5 21. Nxc8 Nxc8 22. Ne4 Nfe7 23. Nf6+ Kg7 24. Nd7 Rh8 25. Bf3 Nd5 26. Nc5 b6 27. Na4 Nce7 28. g3 c5 29. Rd2 Nc6 30. Re1 Rd7 31. Nc3 Nd4 32. Bg2 Rhd8 33. f4 Nxc3 34. bxc3 Nf3+ 35. Bxf3 Rxd2 36. Re2 Rxe2 37. Bxe2 Rd2 38. Bc4 Rc2 39. f5 gxf5 40. Bb3 Rxc3 41. Kg2 c4 42. Bd1 Rd3 43. Be2 Rd2 44. Kf3 c3 0-1

[Event "Robecchetto Spring op 8th"]
[Site "Robecchetto"]
[Date "2011.04.14"]
[Round "2"]
[White "Turchi, Alessandro"]
[Black "Macchiettini, Pierangelo"]
[Result "1/2-1/2"]
[WhiteElo "1548"]
[BlackElo "1775"]
[PlyCount "50"]
[EventDate "2011.04.07"]
[EventType "swiss"]
[EventRounds "7"]
[EventCountry "ITA"]
[SourceTitle "EXT 2024"]
[Source "ChessBase"]
[SourceDate "2023.10.10"]
[SourceVersion "1"]
[SourceVersionDate "2023.10.10"]
[SourceQuality "1"]

1. d4 d5 2. c4 c6 3. Nf3 Nf6 4. Nc3 e6 5. cxd5 exd5 6. Bg5 Be7 7. e3 0-0 8. h3 Nbd7 9. Bd3 h6 10. Bh4 Ne4 11. Bxe7 Qxe7 12. 0-0 Re8 13. Nd2 Ndf6 14. Ncxe4 dxe4 15. Bc4 Be6 16. Bxe6 Qxe6 17. Rc1 Rad8 18. Qa4 Ra8 19. b3 Qe7 20. Rfd1 Red8 21. Qc4 Rac8 22. Qc5 Qxc5 23. dxc5 Kf8 24. b4 Ke7 25. a4 a6 1/2-1/2